Statistics for Guess that Royals Player's Number

Click here to take the quiz!

General Stats

  • This quiz has been taken 20 times
  • The average score is 18 of 27

Answer Stats

Player#% Correct
Salvador Perez13
100%
George Brett5
100%
Whit Merrifield15
92%
Eric Hosmer35
92%
Mike Moustakas8
92%
Paulo Orlando16
83%
Alcides Escobar2
83%
Frank White20
83%
Alex Gordon4
83%
Lorenzo Cain6
83%
Bo Jackson16
75%
Yordano Ventura30
75%
Danny Duffy41
75%
Kelvin Herrera40
67%
Mike Sweeney29
58%
Willie Wilson6
58%
Zack Greinke23
50%
Ian Kennedy31
50%
Brandon Moss37
50%
Jeff Francoeur21
42%
Jeff Montgomery21
42%
Jorge Bonifacio38
42%
Peter Moylan47
42%
Joakim Soria48
42%
Bret Saberhagen18
33%
Dan Quisenberry29
33%
Travis Wood34
25%

Score Distribution

Percentile by Number Answered

Percent of People with Each Score

Your Score History

You have not taken this quiz